书目信息 |
| 题名: |
卫生防疫管理230问
|
|
| 作者: | 卢江 主编 | |
| 分册: | ||
| 出版信息: | 长春 吉林人民出版社 2005 |
|
| 页数: | 12,177页 | |
| 开本: | 21cm | |
| 丛书名: | 卫生防疫丛书 | |
| 单 册: | ||
| 中图分类: | R184 | |
| 科图分类: | ||
| 主题词: | 卫生防疫--卫生管理学--问答 , 卫生防疫 , 卫生管理学 | |
| 电子资源: | ||
| ISBN: | 7-206-02452-1 | |
| 000 | 00893oam2 2200289 45 | |
| 001 | 012006021425 | |
| 005 | 20070708153705.31 | |
| 010 | @a7-206-02452-1@dCNY13.10 | |
| 092 | @aCN@b475173 | |
| 100 | @a20060214d2005 em y0chiy0121 ea | |
| 101 | 0 | @achi |
| 102 | @aCN@b220000 | |
| 105 | @ay n 000yy | |
| 200 | 1 | @a卫生防疫管理230问@9wei sheng fang yi guan li 230 wen@f卢江[等]主编 |
| 205 | @a2版 | |
| 210 | @a长春@c吉林人民出版社@d2005 | |
| 215 | @a12,177页@d21cm | |
| 225 | 2 | @a卫生防疫丛书@v之三 |
| 330 | @a本书将防疫业务管理、卫生监督业务管理、实验室管理、科研课题管理、文书档案管理等分为五部分,共230题,以问答形式介绍给读者。 | |
| 461 | 0 | @12001 @a卫生防疫丛书 |
| 606 | 0 | @a卫生防疫@x卫生管理学@x问答 |
| 606 | 0 | @a卫生防疫 |
| 606 | 0 | @a卫生管理学 |
| 690 | @aR184@v4 | |
| 701 | 0 | @a卢江@9lu jiang@4主编 |
| 801 | 0 | @aCN@bLZJBOOK@c20070708 |
| 905 | @a10447@dR184@e159=2 | |
| 卫生防疫管理230问/卢江[等]主编.-2版.-长春:吉林人民出版社,2005 |
| 12,177页;21cm.-(卫生防疫丛书;之三) |
| ISBN 7-206-02452-1:CNY13.10 |
| 本书将防疫业务管理、卫生监督业务管理、实验室管理、科研课题管理、文书档案管理等分为五部分,共230题,以问答形式介绍给读者。 |
| ● |
| 相关链接 |
|
|
|
|
正题名:卫生防疫管理230问
索取号:R184/159=2
 
预约/预借
| 序号 | 登录号 | 条形码 | 馆藏地/架位号 | 状态 | 备注 |
| 1 | 0562333 | 205623333 | 第二样本阅览室/ [索取号:R184/159=2] | 在馆 | |
| 2 | 0562334 | 205623342 | 教育系资料室/ [索取号:R184/159=2] | 在馆 | |
| 3 | 0562335 | 205623351 | 教育系资料室/ [索取号:R184/159=2] | 在馆 | |
| 4 | 0562336 | 205623360 | 第三借阅区/ [索取号:R184/159=2] | 在馆 | |
| 5 | 0562337 | 205623379 | 第三借阅区/ [索取号:R184/159=2] | 在馆 | |
| 6 | 0562338 | 205623388 | 第三借阅区/ [索取号:R184/159=2] | 在馆 | |
| 7 | 0562339 | 205623397 | 教育系资料室/ [索取号:R184/159=2] | 在馆 | |
| 8 | 0562340 | 205623404 | 第三借阅区/ [索取号:R184/159=2] | 在馆 |